Δημογραφική πρόκληση : υπογεννητικότητα και γήρανση στην Ελλάδα
Αποθηκεύτηκε σε:
| Κύριος συγγραφέας: | |
|---|---|
| Μορφή: | Βιβλίο |
| Γλώσσα: | Greek |
| Δημοσίευση: |
Αθήνα :
Εξαντας,
1981
|
| Θέματα: | |
| Ετικέτες: |
Προσθήκη ετικέτας
Δεν υπάρχουν, Καταχωρήστε ετικέτα πρώτοι!
|
MARC
| LEADER | 00000nam a2200000 i 4500 | ||
|---|---|---|---|
| 001 | 1/68621 | ||
| 008 | 931202s1981 gre d | ||
| 035 | |a ΛΕΣΒΟΣb10002101 |l 10002101 | ||
| 040 | |a GR-MY-UA |b gre |e aacr | ||
| 041 | 0 | |a gre | |
| 082 | 0 | |a 304.6 | |
| 100 | 1 | |a Πολύζος, Νικόλαος Ι. | |
| 245 | 1 | 0 | |a Δημογραφική πρόκληση : |b υπογεννητικότητα και γήρανση στην Ελλάδα / |c Νίκος Πολύζος |
| 260 | |a Αθήνα : |b Εξαντας, |c 1981 | ||
| 300 | |a 227 σ. |b πίν. | ||
| 504 | |a Βιβλιογραφία: σ.217-225 | ||
| 650 | 0 | 0 | |a Demography |z Greece. |
| 852 | |a INST |b LESVOS |e 19931202 |h 304.6 ΠΟΛ |p 005100003261 |q 005100003261 |t BK |y 0 | ||
| 909 | |a Λ |b 020728 | ||